| 000 | 00402nam a22001577a 4500 | ||
|---|---|---|---|
| 005 | 20240313144802.0 | ||
| 008 | 240313b ||||| |||| 00| 0 eng d | ||
| 040 | _cAL | ||
| 041 | _aeng | ||
| 082 |
_223 _a001.64 _bMATH |
||
| 100 |
_aAnil Mathew _9154106 |
||
| 245 | _aHotel Management System | ||
| 260 |
_aMangalore _bSt Aloysius College _c2004 |
||
| 700 |
_aMATHEW (Anil) _9154107 |
||
| 942 |
_2ddc _cBK |
||
| 999 |
_c230286 _d230286 |
||